Histology and cell biology Examination and board review

Shranjeno v:
Bibliografske podrobnosti
Glavni avtor: Douglas F. Paulsen
Format: Knjiga
Jezik:Undetermined
Izdano: New York McGraw-Hill 2000
Teme:
Oznake: Označite
Brez oznak, prvi označite!
Thư viện lưu trữ: Trung tâm Học liệu Trường Đại học Cần Thơ
LEADER 00519nam a2200193Ia 4500
001 CTU_48872
008 210402s9999 xx 000 0 und d
082 |a 571.5 
082 |b P332 
100 |a Douglas F. Paulsen 
245 0 |a Histology and cell biology 
245 0 |b Examination and board review 
245 0 |c Douglas F. Paulsen 
260 |a New York 
260 |b McGraw-Hill 
260 |c 2000 
650 |a cell biology,histology 
904 |i Minh 
980 |a Trung tâm Học liệu Trường Đại học Cần Thơ